| 000 | 01154 a2200241 4500 | ||
|---|---|---|---|
| 005 | 20080917152848.0 | ||
| 008 | 080917t xxu||||| |||| 00| 0 hin d | ||
| 010 | _aHIN-81781 | ||
| 020 | _c40.00 | ||
| 035 | _aHN-54127 | ||
| 037 | _bपु.प्र.अ.प्र/प्रका | ||
| 082 | _a822 | ||
| 100 | _aकल्पनाथ सिंह | ||
| 245 |
_aधरोहरःनृत्य नाटिका/ _cकल्पनाथ सिंह |
||
| 246 |
_aDharohar Nritya Natika _bby Kalp Nath Singh |
||
| 260 |
_aबाराबंकी _bकल्पना प्रकाशन _c2006 |
||
| 270 |
_aसिविल लाइन्स,कम्पनीबाग चौराही _bबाराबंकी (उ.प्र.) _k05248 222332 _e225001 |
||
| 300 |
_a20पृ _c18सेमी (अजिल्द) |
||
| 650 | _aहिन्दी नाटक | ||
| 650 | _aHindi Play | ||
| 942 |
_adpl _cHN _k822 / कल्पना _2ddc _h822 _mकल्पना |
||
| 999 |
_c8971 _d8971 |
||